| 000 | 00807cam a2200241 i 4500 | ||
|---|---|---|---|
| 003 | SA-RiAUC | ||
| 005 | 20250301181944.0 | ||
| 008 | 250219s1924 su g 00010 ara c | ||
| 040 |
_aSA-JeALM _bara _cSA-RiAUC _erda |
||
| 072 | 0 | _a026 | |
| 082 | 0 | 4 | _a237.3 |
| 092 |
_a237.3 _bم ج م |
||
| 245 | 0 | 0 |
_aمجموعة الحديث : _bتشتمل على تسع كتب ورسائل. |
| 250 | _aالطبعة الخامسة. | ||
| 264 | 1 |
_aمكة المكرمة : _bمطابع الصفا، _c1981 |
|
| 300 |
_aأ-ب، 789 صفحة ؛ _c24 سم |
||
| 336 |
_aنص _btxt _2rdacontent _3كتاب |
||
| 337 |
_aبدون وسيط _bn _2rdamedia |
||
| 338 |
_aمجلد _bnc _2rdacarrier |
||
| 650 | 7 |
_aالحديث _xجوامع الفنون _2aucsh |
|
| 942 |
_2ddc _cBOOK _n0 |
||
| 949 |
_aSA-JeALM _d250219 _uosman123 _n1 |
||
| 999 |
_c6228 _d6228 |
||